01443cam a2200301 4500001001300000003000400013005001700017008004100034010001700075040004100092050001800133100005200151245012100203260007000324300005700394490005600451500013000507504002500637650003600662650004000698650005100738710005700789740008300846740005700929830006100986810007701047999001701124gs 67000183 DLC20260227111420.0700122s1966 mtuab b 000 0 eng c ags 67000183  aU.S. Geol. Survey. LibrarycDLCdDLC00aQE134.J8bZ481 aZimmerman, Everett A.q(Everett Alfred),d1927-10aGeology and ground-water resources of western and southern parts of Judith Basin, Montana,cby Everett A. Zimmerman. aButte,bMontana College of Mineral Science and Technology,c1966. aiii, 33 p.billus., maps (4 fold. in pocket)c28 cm.1 aMontana. Bureau of Mines and Geology. Bulletin 50-A aPrepared by the U.S. Geological Survey, Water Resources Division in cooperation with the Montana Bureau of Mines and Geology. aBibliography: p. 33. 0aGeologyzMontanazJudith Basin. 0aGroundwaterzMontanazJudith Basin. 0aWater-supplyzMontanazJudith River Watershed.2 aGeological Survey (U.S.).bWater Resources Division.0 aGround-water resources of western and southern parts of Judith Basin, Montana.0 aWestern and southern parts of Judith Basin, Montana. 0aBulletin (Montana Bureau of Mines and Geology) ;v50A-B.1 aMontana.bState Bureau of Mines and Geology.tBasic water reportvno. 2. c30323d30323